Footballeurs Français Champion du Monde - Mort subite - Statistiques

Statistiques générales
  • Ce quiz a été pris 9 955 fois
  • Le résultat moyen est 7 sur 20
Answers on the Grid
Answers color-coded by a green-red scale on the quiz's grid according to % correct below.
Adil Rami
Adrien Rabiot
Alain Boghossian
Alphonse Areola
Antoine Griezmann
Benjamin Mendy
Bernard Diomède
Bixente Lizarazu
Claude Makélélé
Dimitri Payet
Djibril Sidibé
Eric Abidal
Fabien Barthez
Florentin Pogba
Franck Ribéry
Karim Benzema
Kinglsey Coman
Kylian Mbappé
Laurent Koscielny
Marcel Desailly
Marcus Thuram
Mathieu Valbuena
Michel Platini
Nabil Fekir
Patrick Vieira
Paul Pogba
Samuel Umtiti
Stéphane Guivarc'h
Stéphane Ruffier
Steven Nzonzi
Sylvain Wiltord
Thomas Lemar
Vincent Candela
William Gallas
Willy Sagnol
Zinédine Zidane
 
Statistiques - réponses
Réponse % Correct
Adil Rami
94%
Antoine Griezmann
70%
Alphonse Areola
54%
Bixente Lizarazu
53%
Benjamin Mendy
51%
Fabien Barthez
36%
Kylian Mbappé
35%
Djibril Sidibé
31%
Zinédine Zidane
30%
Paul Pogba
29%
Samuel Umtiti
27%
Marcel Desailly
26%
Nabil Fekir
24%
Steven Nzonzi
24%
Thomas Lemar
23%
Patrick Vieira
21%
Alain Boghossian
18%
Stéphane Guivarc'h
17%
Bernard Diomède
16%
Vincent Candela
10%
Aucun quiz correspondant
Distribution des résultats
% des personnes avec chaque résultat
Percentile par nombre de réponses
Votre historique - résultats
Vous n’avez pas pris ce quiz